Taylor Swift - Paroles epiphany - Statistiques

Statistiques générales
  • Ce quiz a été pris 43 fois
  • Le résultat moyen est 150 sur 174
Statistiques - réponses
Hint Réponse % Correct
a
100%
Just
100%
just
100%
Couplet 1 Keep
100%
keep
100%
you
100%
you,
100%
your
100%
bleeding
96%
But
96%
can't
96%
epiphany
96%
he's
96%
I
96%
now
96%
some
96%
think
96%
about
92%
And
92%
crashing
92%
daughter,
92%
helmet,
92%
of
92%
out"
92%
out,
92%
out
92%
(out),
92%
speak
92%
things
92%
what
92%
did
88%
down,
88%
down
88%
(down)
88%
(down),
88%
fall
88%
life,
88%
mother
88%
she's
88%
"Sir,
88%
Someone's
88%
someone's
88%
son
88%
to
88%
To
88%
Refrain With
88%
"Doc,
84%
dream
84%
glimpse
84%
not
84%
one
84%
Something
84%
the
84%
hand
80%
make
80%
minutes
80%
relief
80%
seen
80%
serve
80%
single
80%
you've
80%
cover
76%
med
76%
plastic
76%
school
76%
sense
76%
through
76%
in
72%
sleep
72%
Couplet 2 Watch
72%
20
68%
Bridge | Outro Only
68%
breathing
64%
up
64%
beaches
60%
Crawling
60%
flesh
60%
Holds
60%
wound,
60%
rifle
56%
breathe
52%
here's
48%
Aucun quiz correspondant
Distribution des résultats
% des personnes avec chaque résultat
Percentile par nombre de réponses
Votre historique - résultats
Vous n’avez pas pris ce quiz